|
|
|
|
| LEADER |
01052nam a22002177a 4500 |
| 008 |
171017b xxu||||| |||| 00| 0 eng d |
| 999 |
|
|
|c 20301
|d 20301
|
| 020 |
|
|
|a 9789385064777
|
| 082 |
|
|
|a 894.13
|b SUR
|
| 100 |
|
|
|a സുരേന്ദ്രന്, പി.
|
| 240 |
|
|
|a Jaivam
|
| 245 |
|
|
|a ജൈവം /
|c പി. സുരേന്ദ്രന്
|
| 250 |
|
|
|a 1st ed.
|
| 260 |
|
|
|a കോഴിക്കോട് :
|b ലോഗോസ് ബുക്സ്,
|c 2016.
|
| 300 |
|
|
|a 152p.
|
| 650 |
|
|
|a നോവല്
|
| 700 |
|
|
|a Surendran, P.
|
| 942 |
|
|
|2 ddc
|c BK
|
| 952 |
|
|
|0 0
|1 0
|2 ddc
|4 0
|6 894_130000000000000_SUR
|7 0
|9 28146
|a MAIN
|b MAIN
|d 2017-10-17
|e Logos Books
|g 140.00
|l 6
|o 894.13 SUR
|p 26732
|r 2019-10-29
|s 2019-09-20
|t 1
|w 2017-10-17
|y BK
|
| 952 |
|
|
|0 0
|1 3
|2 ddc
|4 0
|6 894_130000000000000_SUR
|7 0
|9 28147
|a MAIN
|b MAIN
|d 2017-10-17
|e Logos Books
|g 140.00
|l 2
|o 894.13 SUR
|p 26733
|r 2018-03-28
|s 2018-02-19
|t 2
|w 2017-10-17
|y BK
|x Lost by Manichithra paid Rs. 140 (Receipt no. 8669)
|
| 952 |
|
|
|0 0
|1 0
|2 ddc
|4 0
|7 -1
|9 38350
|a MAIN
|b MAIN
|d 2019-12-10
|r 2019-12-10
|w 2019-12-10
|y BK
|